| 000 | 00983nam0a22002411 4500 | ||
|---|---|---|---|
| 001 | rc\1026368 | ||
| 005 | 20260406150851.0 | ||
| 035 | _a(NLR Aleph) 006190525 | ||
| 090 |
_a6161461 _c6161461 |
||
| 100 | _a20041129d1981 |||y0rusy50 ca | ||
| 101 | 0 | _arus | |
| 102 | _aRU | ||
| 105 | _ay ||||||||| | ||
| 200 | 1 | _aАннотированный перечень научно-исследовательских работ Росбытнота, законченных и вышедших в 1978-1980 гг. и планируемых к изданию в 1981 г. | |
| 210 |
_aМ. _cЦБНТИ М-ва быт. обслуж. населения РСФСР _d1981 |
||
| 215 |
_a46 с. _d20 |
||
| 300 | _aВ надзаг.: М-во быт. обслуж. населения РСФСР | ||
| 710 | 0 | 2 |
_a"Росбытнот", центр _cМосква _3RU\NLR\AUTH\889926316 _9348406 |
| 801 | 0 |
_aRU _bNLR _gpsbo |
|
| 801 | 1 |
_aRU _bELAR _2rusmarc |
|
| 852 |
_aNLR _j82-4/4108 |
||
| 942 | _cBOOK | ||
| 980 | _aNB | ||